000 00419nam a22001337a 4500
999 _c130197
_d130197
008 200129b ||||| |||| 00| 0 eng d
050 _aDA565.C6
_bL4
100 _aLeslie, Anita
_949089
245 _aJennie
_bthe life of Lady Randolph Churchill
_cAnita Leslie
260 _aLondon
_bArrow Books
_c1974
300 _axiii, 369p. ;
_c23cm.
600 _aChurchill, Randolph Spencer , Lady
_949090
942 _2lcc
_cMONOGRAPH